000 00823nam0a22002531 4500
001 RU\NLR\INFOCOMM_89\5000090109
005 20250613091618.0
035 _a(NLR Aleph) 009117544
090 _a8199201
_c8199201
100 _a20090219d1982 |||y0rusy50 ca
101 1 _aslo
102 _aRU
105 _aa ||||000|y
200 1 _aČervený vŕštek
_e[Pre najmenších čitatel'ov]
_fV. Bianki
_g[Худож. Е. И. Чарушин]
210 _aМ.
_cProgress
_d1982
215 _a[23] с.
_cцв. ил.
_d28 см
300 _aВ вып. дан.: Красная горка / В. Бианки
686 _aДл690-700
_2rubbk
700 1 _aBianki
_bV. V.
_f1894-1959
_gVitalij Valentinovič
_4070
801 1 _aRU
_bNLR
_c20090219
801 0 _aRU
_bNLR
_gPSBO
852 _aNLR
_jСл Слов-4/1150
942 _cBOOK
980 _aNB